Classroom reading inventory
This trusted reading inventory resource is ideal for pre-service and in-service teachers who use an informal reading inventory test to help identify students' reading problems. A classic in the field, it is the leading reading inventory text, brief and easy to use in a consumable, spiral-bound...
Na minha lista:
| Autor principal: | |
|---|---|
| Formato: | Livro |
| Idioma: | Undetermined |
| Publicado em: |
Boston
McGraw Hill
2001
|
| Assuntos: | |
| Tags: |
Adicionar Tag
Sem tags, seja o primeiro a adicionar uma tag!
|
| Thư viện lưu trữ: | Trung tâm Học liệu Trường Đại học Cần Thơ |
|---|
| LEADER | 01107nam a2200217Ia 4500 | ||
|---|---|---|---|
| 001 | CTU_88825 | ||
| 008 | 210402s9999 xx 000 0 und d | ||
| 020 | |c 209000 | ||
| 082 | |a 372.4 | ||
| 082 | |b S586 | ||
| 100 | |a Silvaroli, Nicolas J. | ||
| 245 | 0 | |a Classroom reading inventory | |
| 245 | 0 | |c Nicolas J. Silvaroli, Warren H. Wheelock | |
| 260 | |a Boston | ||
| 260 | |b McGraw Hill | ||
| 260 | |c 2001 | ||
| 520 | |a This trusted reading inventory resource is ideal for pre-service and in-service teachers who use an informal reading inventory test to help identify students' reading problems. A classic in the field, it is the leading reading inventory text, brief and easy to use in a consumable, spiral-bound format. The CRI (Classroom Reading Inventory) is specially prepared for in- and pre-service teachers who have little or no experience with informal reading inventories. It is designed to be administered in fifteen minutes or less. | ||
| 650 | |a Reading,Reading (elementary) | ||
| 650 | |x Ability testing | ||
| 904 | |i Truc,Hải | ||
| 980 | |a Trung tâm Học liệu Trường Đại học Cần Thơ | ||